000 00391nam a2200145Ia 4500
008 230917s9999||||xx |||||||||||||| ||und||
040 _e119576
_aMAIN
041 _aEnglish
082 _a519.5 G325B
100 _aGerstman, B Burt
245 0 _aBasic Biostatistics: Statistics for Public Health Practice
260 _aBoston
_bJones and Bartlett
_c2008
300 _a557p p.
942 _cBK
999 _c146591
_d146591